000 00708nas a2200253 4500
001 BR2012008116
003 BR-BrBNA
005 20231205121352.0
007 ta
008 230509b bl.|||p| |||| 00| 00por d
040 _aBR-BrBNA
_bpor
_cBiblioteca Nacional de Agricultura
041 _a(Pt)
072 _aT01; L01; P40
100 1 _aMedeiros, S.R. de
245 1 _aO que todo pecuarista deve saber
650 _aPECUÁRIA
650 _aPASTAGEM
650 _aCLIMA
650 _aAQUECIMENTO
650 _aIMPACTO AMBIENTAL
773 0 _tAgroanalysis (Brazil)
_xISSN 0100-4298
_g(Oct 2012), v. 32(10) p. 38-39
_wBR2012008116
909 _a202311
_bLúcia
_c55
_dLúcia Elande
942 _2AGRIS
_n0
_cANA
999 _c223201
_d223201